000 00262nam a22001217a 4500
040 _cSY
082 _a630
100 _aជួង សុផល
245 _aកសិកម្មសមស្រប
260 _aRUA
_bជួង
_cNA
300 _a26p.
942 _cKB
999 _c9572
_d9572